A young people's history of the United States /
Gardado en:
| Autor Principal: | |
|---|---|
| Outros autores: | |
| Formato: | Libro |
| Idioma: | inglés |
| Publicado: |
New York :
Seven Stories Press,
2009
|
| Tags: |
Sen Etiquetas, Sexa o primeiro en etiquetar este rexistro!
|
MARC
| LEADER | 00000nam a22000007i 4500 | ||
|---|---|---|---|
| 001 | IT\ICCU\UBO\4366061 | ||
| 003 | ItRI | ||
| 005 | 20260115232013.0 | ||
| 008 | 190320s2009 xxu|||||| ||||| |||||c | ||
| 020 | |a 9781583228692 (pbk) | ||
| 040 | |b ita |c importazione bologna sebina | ||
| 041 | 7 | |a eng |2 ISO-639-2 | |
| 100 | 1 | |a Zinn, Howard |0 IT\ICCU\LO1V\032357 | |
| 240 | 1 | 2 | |a A young people's history of the United States. |3 IT\ICCU\LO1\1212486 |9 Stefoff, Rebecca |
| 245 | 1 | 2 | |a A young people's history of the United States / |c Howard Zinn ; adapted by Rebecca Stefoff. |
| 260 | |a New York : |b Seven Stories Press, |c 2009 | ||
| 300 | |a xiii, 448 p. :ill. ; |c 21 cm | ||
| 700 | 1 | |a Stefoff, Rebecca |0 IT\ICCU\CFIV\114592 | |
| 942 | |2 ddc |c BK |n 0 | ||
| 952 | |0 0 |1 0 |4 0 |6 R_973_000000000000000_ZIN |7 0 |9 18742 |a BO |b BO |d 2026-01-15 |i 18909 |l 0 |o R 973 ZIN |p BO18909 |r 2026-01-15 23:20:13 |w 2026-01-15 |x [Sebina 5] [1 v.] |y BK |z 1 v. | ||
| 999 | |c 15904 |d 15904 | ||